000 01059nam a2200265Ia 4500
003 OSt
005 20220918110711.0
006 a|||||r|||| 00| 0
007 ta
008 220915b |||||||| |||| 00| 0 san d
020 _a9788192475943 (hbk)
_c4000
024 _a11,064
037 _b52, 10/09/2013, Vidyanidhi Prakashan
_cReference Collections
040 _aARTS
_cARTS
_bsan
041 _2san
_asan
082 _aP15,Cx1,1,2, 152Q3.2,1(RR)
100 _aवेदालšार, भीमसिंह
_99077
245 0 _aव्याकरणमहाभाष्यम्
246 _aVyākaraṇamahābhāṣhyam
260 _aकुरूक्षेत्र
_bविद्यानिधी शोधसंस्थान भारत
_c2013
300 _a617पृ0
650 _aहिन्दी भाषा
_9232
942 _hP15,Cx1,1,2, 152Q3.2,1(RR)
_cREF
999 _c114131
_d114131